Elemental Reactions - Genshin Impact - Statistics

General Stats
  • This quiz has been taken 265 times
  • The average score is 18 of 22
Answer Stats
% Correct
Electro
94%
Dendro
93%
Hydro
93%
Pyro
93%
Cryo
92%
Frozen
91%
Geo
91%
Melt
91%
Anemo
90%
Bloom
89%
Vaporize
87%
Swirl
86%
Crystalize
81%
Hyperbloom
81%
Burning
79%
Superconduct
74%
Electro-Charged
73%
Overloaded
69%
Burgeon
68%
Aggravate
66%
Quicken
59%
Spread
52%
No matching quizzes found
Score Distribution
Percent of People with Each Score
Percentile by Number Answered
Your Score History
You have not taken this quiz